[Event "USA-ch U20 Girls"]
[Site "Saint Louis"]
[Date "2021.07.25"]
[Round "9"]
[White "Ulrich, Susanna G"]
[Black "Lee, Alice"]
[Result "1/2-1/2"]
[WhiteElo "1974"]
[BlackElo "1972"]
[PlyCount "108"]
[EventDate "2021.07.16"]
[EventType "tourn"]
[EventRounds "9"]
[EventCountry "USA"]
[SourceTitle "CBM 203 Extra"]
[Source "ChessBase"]
[SourceDate "2021.09.30"]
[SourceVersion "1"]
[SourceVersionDate "2021.09.30"]
[SourceQuality "1"]

1. d4 d5 2. c4 c6 3. Nf3 Nf6 4. Qb3 dxc4 5. Qxc4 Bf5 6. g3 e6 7. Bg2 Be7 8. 0-0 0-0 9. Nc3 Nbd7 10. Re1 Ne4 11. Qb3 Qb6 12. Bf4 Nxc3 13. bxc3 Be4 14. Ne5 Bxg2 15. Nxd7 Qxb3 16. axb3 Rfd8 17. Kxg2 Rxd7 18. Red1 a6 19. Rd3 g5 20. Bc1 Rad8 21. Ba3 Bxa3 22. Rxa3 e5 23. Ra5 exd4 24. Rxg5+ Kf8 25. c4 Re8 26. Kf1 Red8 27. Rh5 f6 28. Ke1 b6 29. c5 b5 30. b4 Kg7 31. Kd2 Re7 32. Ra3 Rde8 33. Rxa6 Rxe2+ 34. Kd3 Kg6 35. Rh4 Rxf2 36. Rxc6 Ree2 37. Rd6 Rd2+ 38. Ke4 Rde2+ 39. Kd5 d3 40. Kc6 d2 41. Kxb5 Re8 42. Rhd4 Rb8+ 43. Kc4 Rf1 44. Rxd2 Rc1+ 45. Kd5 Rxb4 46. c6 Rbc4 47. Rf2 Rc5+ 48. Kd4 R5c4+ 49. Ke3 R4c3+ 50. Ke4 Rc4+ 51. Kd5 Rc5+ 52. Ke6 Rxc6 53. Rxf6+ Kg7 54. Rf7+ Kg6 1/2-1/2

[Event "USA-ch U20 Girls"]
[Site "Saint Louis"]
[Date "2021.07.23"]
[Round "7"]
[White "Ulrich, Susanna G"]
[Black "Zeng, Sheena"]
[Result "0-1"]
[WhiteElo "1974"]
[BlackElo "2013"]
[PlyCount "62"]
[EventDate "2021.07.16"]
[EventType "tourn"]
[EventRounds "9"]
[EventCountry "USA"]
[SourceTitle "CBM 203 Extra"]
[Source "ChessBase"]
[SourceDate "2021.09.30"]
[SourceVersion "1"]
[SourceVersionDate "2021.09.30"]
[SourceQuality "1"]

1. d4 Nf6 2. c4 e6 3. Nc3 d5 4. cxd5 exd5 5. Bg5 c6 6. Qc2 Bd6 7. e3 0-0 8. Bd3 h6 9. Bh4 Re8 10. Nge2 a5 11. h3 Na6 12. a3 Nc7 13. 0-0 Ne6 14. f3 Ng5 15. e4 Nfxe4 16. fxe4 Nxh3+ 17. gxh3 Qxh4 18. e5 Rxe5 19. Bh7+ Kh8 20. dxe5 Bc5+ 21. Nd4 Bxd4+ 22. Kh1 Bxh3 23. Qh2 Bxe5 24. Qxe5 Bxf1+ 25. Kg1 Bh3 26. Bd3 Qg4+ 27. Kf2 Qg2+ 28. Ke3 Bd7 29. Qf4 Re8+ 30. Kd4 Qxb2 31. Rc1 Qb6# 0-1

[Event "USA-ch U20 Girls"]
[Site "Saint Louis"]
[Date "2021.07.19"]
[Round "4"]
[White "Morris Suzuki, Sophie"]
[Black "Ulrich, Susanna G"]
[Result "1-0"]
[WhiteElo "2043"]
[BlackElo "1974"]
[PlyCount "109"]
[EventDate "2021.07.16"]
[EventType "tourn"]
[EventRounds "9"]
[EventCountry "USA"]
[SourceTitle "CBM 203 Extra"]
[Source "ChessBase"]
[SourceDate "2021.09.30"]
[SourceVersion "1"]
[SourceVersionDate "2021.09.30"]
[SourceQuality "1"]

1. d4 d5 2. c4 c6 3. Nf3 Nf6 4. Nc3 dxc4 5. a4 Bf5 6. Ne5 Na6 7. e3 Nb4 8. Bxc4 e6 9. 0-0 Bd6 10. Qe2 Nc2 11. Rb1 Nd5 12. Bb3 Bxe5 13. Bxc2 Bxc2 14. Qxc2 Bc7 15. Ne4 Nb4 16. Qc4 Bxh2+ 17. Kxh2 Qh4+ 18. Kg1 Qxe4 19. Bd2 Nd5 20. f3 Qh4 21. Qb3 Rb8 22. e4 Nf4 23. Qe3 Ng6 24. d5 0-0 25. d6 e5 26. Qxa7 Qf6 27. Qc5 Rfd8 28. Ba5 Rd7 29. Qa7 Re8 30. Bc7 Nf4 31. Rf2 b5 32. Qb6 bxa4 33. Qxc6 Qe6 34. Qxa4 f5 35. Qc6 fxe4 36. Qxe4 Qf7 37. Rc2 Ne6 38. Rbc1 Nd4 39. Rc4 Nb3 40. R1c2 Nd4 41. Rc1 Nb5 42. Rc6 Nd4 43. Ra6 Nb5 44. Qa4 Nd4 45. Qc4 Rc8 46. b4 Kf8 47. Qxf7+ Kxf7 48. Kf2 Nb5 49. Rc5 Nxc7 50. Rac6 Ne6 51. Rxc8 Nxc5 52. bxc5 Ke6 53. c6 Rxd6 54. Re8+ Kf7 55. c7 1-0

[Event "USA-ch U20 Girls"]
[Site "Saint Louis"]
[Date "2021.07.16"]
[Round "1"]
[White "Yan, Rui Yang"]
[Black "Ulrich, Susanna G"]
[Result "1-0"]
[WhiteElo "2111"]
[BlackElo "1974"]
[PlyCount "81"]
[EventDate "2021.07.16"]
[EventType "tourn"]
[EventRounds "9"]
[EventCountry "USA"]
[SourceTitle "CBM 203 Extra"]
[Source "ChessBase"]
[SourceDate "2021.09.30"]
[SourceVersion "1"]
[SourceVersionDate "2021.09.30"]
[SourceQuality "1"]

1. e4 c6 2. Nf3 d5 3. Nc3 Bg4 4. h3 Bxf3 5. Qxf3 e6 6. Be2 Nf6 7. d3 Nbd7 8. 0-0 Bd6 9. d4 dxe4 10. Nxe4 Nxe4 11. Qxe4 Nf6 12. Qf3 0-0 13. c4 Bc7 14. Rd1 Bb6 15. Be3 Qe7 16. Rd2 Rfd8 17. Rad1 Rd7 18. Bf4 Rad8 19. Qe3 c5 20. dxc5 Bxc5 21. Rxd7 Rxd7 22. Rxd7 Nxd7 23. Qe4 Nf6 24. Qe5 Ne8 25. Qb8 b6 26. Bf3 a5 27. Bc6 Kf8 28. Bxe8 Qxe8 29. Bd6+ Bxd6 30. Qxd6+ Qe7 31. Qxb6 Qg5 32. Qd6+ Ke8 33. c5 e5 34. g3 Qf5 35. c6 Qb1+ 36. Kh2 Qf5 37. Qc5 Kd8 38. Qxa5+ Kc8 39. Qa7 h5 40. Qb7+ Kd8 41. c7+ 1-0